000 00452cam a22001457a 4500
008 180718b2004 xxu||||| |||| 00| 0 eng d
020 _a8180690784
082 _aWx54 R141
100 _aRamanathan, R.
245 _aIndian transport towards the new millennium: performance, analysis and policy
_cby R. Ramanathan
260 _aNew Delhi
_bConcept
_c2004
300 _a212p.
650 _aUrban transportation - India
650 _aTransportation - India
999 _c403722
_d403722